00275 a2200109 4500001000700000020000600007040001100013100001500024240006100039245005600100362000900156158919 a  cMagnum aTia Regina10aHistorias e lendas do brasil v.3/contos nordestinoslpor10aHistorias e lendas do brasil v.3/contos nordestinos0 a1899